Seminarios y simposios 1976 : conclusiones conclusiones
ISBN:
84-7088-209-0
Descripción Física:
438 p. ; 24 cm
MARC
| LEADER | 00000nam a2200000Ia 4500 | ||
|---|---|---|---|
| 001 | 13731 | ||
| 008 | 160829s1977 xx 000 0 cat d | ||
| 020 | |a 84-7088-209-0 | ||
| 080 | |a M-4-30 | ||
| 245 | |a Seminarios y simposios 1976 : |b conclusiones | ||
| 260 | |a Madrid : |b Instituto de Estudios de Administración Local, |c 1977 | ||
| 300 | |a 438 p. ; |c 24 cm | ||
| 490 | |a Colección investigación en equipo. Serie seminarios y simposios: conclusiones | ||
| 590 | |a Conté les conclusions dels seminaris, simpòsiums i altres activitats organitzades per l'Institut durant l'any 1976 | ||
| 650 | 0 | |a Municipis |x Govern i administració |v Congressos |9 27594 | |
| 710 | 2 | |a Instituto de Estudios de Administración Local (Espanya) |9 54775 | |
| 901 | |a Arxiu | ||
| 942 | |n 1 | ||
| 952 | |0 0 |1 0 |4 0 |6 M430 |7 1 |9 44461 |a Arxiu |b Arxiu |d 2016-12-01 |l 0 |o M-4-30 |p 13731 |r 2016-12-01 00:00:00 |w 2016-12-01 |y ARXIU | ||
| 999 | |c 47042 |d 47042 | ||